| 000 | 00533nam a2200229Ia 4500 | ||
|---|---|---|---|
| 999 |
_c61432 _d61432 |
||
| 003 | 0100 | ||
| 005 | 20170428091846.0 | ||
| 008 | 130303s9999 xx 000 0 und d | ||
| 040 | _cARRUPELIB | ||
| 050 | _aDT447.2.M57U55 1977 | ||
| 100 |
_aUnomah, A.C. _930039 |
||
| 245 | _aMirambo of Tanzania | ||
| 260 |
_bHeinemann _aLondon _c1977 |
||
| 300 | _a48p. | ||
| 300 | _b 23 cm | ||
| 440 |
_aAfrican historical biographies _929973 |
||
| 650 |
_bMirambo _930033 |
||
| 650 |
_bTanzania _x-History _930040 |
||
| 942 |
_2lcc _01 _cMONOGRAPH |
||